000 00238nam a2200097Ia 4500
005 20251222114352.0
008 251222s1900||||xx |||||||||||||| ||spa||
082 _aDVD0010/H96/2009/BR
245 0 _aEspartaco: dioses de la arena:
942 _cDVD
999 _c1281
_d1281